[Event "308th YMCA Autumn C"]
[Site "Warsaw"]
[Date "2025.12.17"]
[Round "13"]
[White "Przybylski, Marek"]
[Black "Glowacki, Mateusz"]
[Result "1-0"]
[WhiteElo "1668"]
[BlackElo "1693"]
[PlyCount "61"]
[EventDate "2025.09.23"]
[EventType "tourn"]
[EventRounds "1"]
[EventCountry "POL"]
[SourceDate "2025.09.23"]

1. e4 c5 2. Nf3 a6 3. Nc3 b5 4. d4 cxd4 5. Nxd4 Bb7 6. a3 e6 7. Bd3 Bc5 8. Nb3
Bb6 9. O-O Nc6 10. Qg4 Kf8 11. Bf4 e5 12. Bg5 f6 13. Be3 Nce7 14. Rad1 Bxe3 15.
fxe3 d6 16. Be2 Bc8 17. Qg3 Nh6 18. Qxe5 Nf7 19. Qg3 h5 20. e5 Nf5 21. Qf3 Rb8
22. exf6 gxf6 23. Nd4 Nxd4 24. Rxd4 Rh6 25. Bd3 Ng5 26. Qf4 Nf7 27. Nd5 Kg7 28.
Qg3+ Kh8 29. Rdf4 Bb7 30. Nxf6 Qb6 31. Nd7 1-0

[Event "308th YMCA Autumn C"]
[Site "Warsaw"]
[Date "2025.12.19"]
[Round "13"]
[White "Kumik, Michal"]
[Black "Kasperski, Marcin"]
[Result "1/2-1/2"]
[WhiteElo "1658"]
[BlackElo "1724"]
[PlyCount "131"]
[EventDate "2025.09.23"]
[EventType "tourn"]
[EventRounds "1"]
[EventCountry "POL"]
[SourceDate "2025.09.23"]

1. e4 e6 2. d4 d5 3. Nc3 Nf6 4. Bg5 Be7 5. e5 Nfd7 6. Bxe7 Qxe7 7. f4 a6 8. Qg4
f5 9. Qh3 c5 10. Nf3 Nc6 11. O-O-O cxd4 12. Nxd4 Nxd4 13. Rxd4 Nc5 14. g4 fxg4
15. Qxg4 Rf8 16. Bd3 Nxd3+ 17. Rxd3 Bd7 18. Rg3 g6 19. Ne2 O-O-O 20. Nd4 Kb8
21. h4 Rc8 22. c3 Rf7 23. h5 Rcf8 24. Rf1 gxh5 25. Qxh5 Rxf4 26. Rxf4 Rxf4 27.
Rg8+ Kc7 28. Qg5 Qxg5 29. Rxg5 Rf7 30. Rh5 Kd8 31. Rh6 Ke7 32. b4 Rg7 33. Kb2
Kf7 34. Kb3 Bc8 35. Rf6+ Ke7 36. Rh6 Bd7 37. a4 Rf7 38. a5 Rg7 39. Ka3 Kf7 40.
Rf6+ Kg8 41. Nxe6 Bxe6 42. Rxe6 h5 43. Rd6 h4 44. Rxd5 h3 45. e6 h2 46. Rh5 Rg2
47. e7 Kf7 48. Rh7+ Ke8 49. Kb3 Rg7 50. Rxh2 Kxe7 51. Rh6 Kd7 52. Rb6 Kc7 53.
b5 axb5 54. Rxb5 Rg1 55. Kb4 Rb1+ 56. Kc5 Ra1 57. c4 Ra4 58. Kd5 Ra1 59. Ke6
Ra4 60. Rc5+ Kb8 61. Kd5 Ka7 62. Rb5 Ka6 63. Rb6+ Ka7 64. Rb5 Ka6 65. Rb6+ Ka7
66. Rb5 1/2-1/2

[Event "308th YMCA Autumn C"]
[Site "Warsaw"]
[Date "2025.12.19"]
[Round "13"]
[White "Milczak, Piotr"]
[Black "Alvarado, Luis"]
[Result "1/2-1/2"]
[WhiteElo "1663"]
[BlackElo "1730"]
[PlyCount "30"]
[EventDate "2025.09.23"]
[EventType "tourn"]
[EventRounds "1"]
[EventCountry "POL"]
[SourceDate "2025.09.23"]

1. d4 Nf6 2. Nf3 e6 3. c4 d5 4. Nc3 Be7 5. Bf4 O-O 6. e3 a6 7. h3 Nbd7 8. cxd5
exd5 9. Bd3 c6 10. O-O Re8 11. Qc2 Nf8 12. Rab1 Ng6 13. Bh2 Bd6 14. Bxd6 Qxd6
15. Bf5 Bxf5 $11 1/2-1/2

[Event "308th YMCA Autumn C"]
[Site "Warsaw"]
[Date "2025.12.17"]
[Round "13"]
[White "Gluszek, Rafal"]
[Black "Marczukiewicz, Slawomir"]
[Result "1-0"]
[WhiteElo "1723"]
[BlackElo "1658"]
[PlyCount "71"]
[EventDate "2025.09.23"]
[EventType "tourn"]
[EventRounds "1"]
[EventCountry "POL"]
[SourceDate "2025.09.23"]

1. e4 e5 2. Nf3 Nf6 3. Nxe5 d6 4. Nf3 Nxe4 5. d4 Be7 6. Bd3 Nf6 7. c4 Bg4 8.
Nc3 Nbd7 9. O-O c6 10. Re1 O-O 11. h3 Bh5 12. Bf4 Re8 13. d5 c5 14. Nb5 Nf8 15.
Rxe7 Rxe7 16. Bxd6 Rd7 17. Bxc5 Nxd5 18. Bxf8 Kxf8 19. Bf5 Bxf3 20. Qxf3 Re7
21. cxd5 Re5 22. Nc3 Qe7 23. Bc2 Re8 24. Bb3 Qd6 25. g3 a6 26. Rf1 h5 27. h4 g6
28. Nd1 Rf5 29. Qc3 Kg8 30. Re1 Rxe1+ 31. Qxe1 g5 32. Ne3 Rf3 33. Qe2 g4 34.
Kg2 f5 35. Nc4 Qxd5 36. Ne3 1-0

[Event "308th YMCA Autumn C"]
[Site "Warsaw"]
[Date "2025.12.11"]
[Round "13"]
[White "Wiktorowski, Janusz"]
[Black "Kozera, Konrad"]
[Result "1-0"]
[WhiteElo "1589"]
[BlackElo "1558"]
[PlyCount "105"]
[EventDate "2025.09.23"]
[EventType "tourn"]
[EventRounds "1"]
[EventCountry "POL"]
[SourceDate "2025.09.23"]

1. e4 e6 2. Nf3 d5 3. exd5 exd5 4. d4 Bd6 5. h3 Bf5 6. Bd3 Bxd3 7. Qxd3 Qe7+ 8.
Be3 Nf6 9. O-O Nbd7 10. Bg5 O-O-O 11. Re1 Qf8 12. Nc3 h6 13. Bxf6 Nxf6 14. a4
Bb4 15. Qf5+ Kb8 16. Re3 Bxc3 17. bxc3 Ne4 18. Ne5 Nd6 19. Qd3 Qg8 20. Rb1 Kc8
21. Ree1 Qh7 22. Qf3 f6 23. Qxd5 fxe5 24. dxe5 Qf5 25. g4 Qf7 26. Qg2 Rhe8 27.
exd6 Rxe1+ 28. Rxe1 Rxd6 29. Qe4 Rd2 30. Re2 Rd1+ 31. Kg2 Qd5 32. Kf3 Kd7 33.
Qxd5+ Rxd5 34. Ke4 Kd6 35. f4 b5 36. a5 c5 37. Ke3 c4 38. Rd2 Rxd2 39. Kxd2 Kc5
40. h4 b4 41. cxb4+ Kxb4 42. a6 Kc5 43. g5 hxg5 44. fxg5 Kd5 45. h5 Ke6 46. h6
gxh6 47. gxh6 Kf6 48. h7 Kg7 49. h8=N Kxh8 50. Kc3 Kg7 51. Kxc4 Kf6 52. Kc5 Ke7
53. Kc6 1-0